Statistics for Top 10 Finnish PL appearances

Click here to take the quiz!

General Stats

  • This quiz has been taken 27 times
  • The average score is 6 of 10

Answer Stats

AppsAnswer% Correct
318Hyypia
91%
436Jaaskelainen
87%
26Litmanen
87%
126Forssell
78%
143Niemi
70%
50Kuqi
65%
88Tainio
48%
54Enckelman
22%
32Riihilati
9%
148Johanssen
4%

Score Distribution

Percentile by Number Answered

Percent of People with Each Score

Your Score History

You have not taken this quiz